00313nam a2200121Ia 4500008004100000041000800041082001600049100001700065245003600082260003000118300003200148365001100180240624s9999 xx 000 0 und d aeng a658.152 FIG aFIGHT ANDREW aINTRODUCTION TO PROJECT FINANCE c2007aNew DelhibElsevier aviii, : 205 : p. : cm. ; 23 cRSb33